000 00240nam a2200097Ia 4500
008 220216s9999 xx 000 0 und d
245 4 _aThe longevity of rubber in pipes and pipelines
260 _bPlanter
_c1965
300 _a167
942 _cJS
999 _c70824
_d70824